000 00427nam a2200181Ia 4500
001 8110
005 20260306160545.0
008 260306t2003||||xx |||||||||||||| ||spa||
041 _aESP
082 _a370.1
_bZ55
100 _aZeballos Barrios, Carlos O.
_eAUT
245 0 _aAntropología pedagógica
260 _c2003
300 _a108 páginas :
_c20 cm.
650 _aGEN
654 _aCED
942 _cLIB
_dJUS
_fJUS
_2ddc
_n
999 _c8110
_d8110